Biological control of waterhyacinth in Sinaloa Mexico with the weevils Neochetina eichhorniae and N. bruchi /

সংরক্ষণ করুন:
গ্রন্থ-পঞ্জীর বিবরন
অন্যান্য লেখক: Aguilar, Jose Angel., Bojorquez, German., Camarena, Ovidio M., Center, Ted D.
বিন্যাস: প্রবন্ধ
ভাষা:English
বিষয়গুলি:
ট্যাগগুলো: ট্যাগ যুক্ত করুন
কোনো ট্যাগ নেই, প্রথমজন হিসাবে ট্যাগ করুন!
Thư viện lưu trữ: Thư viện Trường Đại học Đà Lạt
LEADER 01055nam a2200325 4500
001 DLU090093404
005 ##20091201
040 # # |a DLU  |b eng 
041 # # |a eng 
044 # # |a nl 
245 # # |a Biological control of waterhyacinth in Sinaloa Mexico with the weevils Neochetina eichhorniae and N. bruchi /  |c Jose Angel Aguilar ... [et al.]. 
653 # # |a Aquatic weeds  
653 # # |a Biological control 
653 # # |a Curculionidae 
653 # # |a Invasive plants 
653 # # |a Water hyacinth 
700 # # |a Aguilar, Jose Angel. 
700 # # |a Bojorquez, German.  
700 # # |a Camarena, Ovidio M. 
700 # # |a Center, Ted D. 
773 # # |t BioControl : Journal of the International Organization for Biological Control  |g Vol. 48, no. 5 (October 2003), p. 595-608 
920 # # |a Phòng Tạp chí -- Trung tâm Thông tin - Thư viện Trường Đại học Đà Lạt 
994 # # |a DLU 
900 # # |a True 
911 # # |a Trương Bảo Trâm Anh 
925 # # |a G 
926 # # |a A 
927 # # |a BB 
980 # # |a Thư viện Trường Đại học Đà Lạt